000 01182nam a2200349 i 4500
001 bg
245 0 0 _aArgentyna /
_c[przygot. ed. pol. Bogdan Rudnicki ; red. prowadzący Joanna Zaborowska ; tł. Jolanta Kubiak ; red. Michał Kaszowski, Magdalena Binkowska].
246 1 _iTyt. oryg.:
_aArgentina
260 _aWarszawa :
_bMediaprofit,
_c2007.
300 _a[2], 381, [2] s. :
_bil. (gł. kolor.) ;
_c23 cm.
490 1 _aBiblioteka Gazety Wyborczej. Podróże Marzeń ;
_v23
500 _aMapa i plan na wyklejkach.
504 _aIndeks.
651 9 _aArgentyna
655 _aPrzewodniki turystyczne
700 1 _aRudnicki, Bogdan.
_eOprac.
700 1 _aZaborowska, Joanna.
_eRed.
700 1 _aKubiak, Jolanta.
_eTł.
700 1 _aKaszowski, Michał.
_eRed.
700 1 _aBinkowska, Magdalena.
_eRed.
830 0 _aBiblioteka Gazety Wyborczej.
_pPodróże Marzeń (2007)
_v23
015 _aPB 23059/2007
020 _a9788360174845
040 _cBPK
041 1 _apol
_heng
044 _aPOL
080 _a913(82)(036)
920 _a978-83-60174-84-5 :
_czł 25
942 _cKS
008 071022s2007 pl a |001 0 pol
999 _c54267
_d54267
856 _uhttp://koha.tu.koszalin.pl/cgi-bin/koha/opac-detail.pl?biblionumber=54267
_yKatalog online BPK